000 01357naa a22003977a 4500
001 BR7000246
003 BR-BrBNA
005 20240918173356.0
007 ta
008 230509b bl.||||| |||| 00| 0 por d
040 _aBR-BrBNA
_bpor
_cBiblioteca Nacional de Agricultura
041 _a(Pt)
072 _aL30; L36
_b5300
_bG514
090 _aL30 BR7000246
100 1 _aRodrigues, A.J.
100 1 _aAlmeida, M.A.C. de
100 1 _aBaccari, F.
100 1 _aBecken, M.
100 1 _aLima, F.P.
111 1 _a4. Seminario Nacional do Porco Carne
_cFlorianopolis, SC (Brazil)
_d9 Sep 1970
245 1 _aAdicao de lisina e metionina em racao para suinos com duas fontes de calcio e fosforo [Nutricao animal; Aditivo; Aminoacido; Sao Paulo; Brasil]
260 3 _aFlorianopolis, SC (Brasil):
_c1970.
500 _aAnais. 4. Seminario Nacional do Porco Carne Florianopolis, SC (Brasil): 1970. p. 49-62 (BR7000246-AM)L30
650 _aNutricao animal
650 _aComposicao de alimento
650 _aSuino
650 _aAditivo
650 _aAminoacido
650 _aMetionina
650 _aCalcio
650 _aFosforo
650 _aSao Paulo
773 0 _tAnais. 4. Seminario Nacional do Porco Carne
_wL30 BR7000246
_gFlorianopolis, SC (Brasil), 1970. p. 49-62
909 _a202404
_bLucia
_c55
_dLucia Elande
942 _cAM
_2AGRIS
999 _c304268
_d304268